|
|
|
|
| LEADER |
00000nab a2200000 a 4500 |
| 001 |
vtls000884223 |
| 003 |
SK-MaSNL |
| 005 |
20260305031553.0 |
| 008 |
250429c2002 xo 0 slo |
| 015 |
|
|
|a SNBRA2004/09-26417
|
| 035 |
|
|
|a CLN000235689
|
| 035 |
|
|
|a urn:nbn:sk:snk-abt8l
|
| 035 |
|
|
|a (urnnbn)urn:nbn:sk:snk:ar-a03xrl
|
| 035 |
|
|
|a (uuid)44049f70-f1bc-4618-abf6-0554aa5b38dc
|
| 040 |
|
|
|a SNKBUCL
|b slo
|c SNKBUCL
|e AACR2
|
| 041 |
0 |
|
|a slo
|
| 044 |
|
|
|a xo
|c SK
|
| 080 |
|
|
|a 902.2(437.6)
|2 1981
|
| 100 |
1 |
|
|a Soják, Marián,
|d 1970-
|4 aut
|9 102637
|
| 245 |
1 |
0 |
|a Rekognoskácia Spiša
|c Marián Soják
|
| 300 |
|
|
|b Obr. v 2. časti zborníka
|
| 500 |
|
|
|a Res. prel. Berta Nieburová
|
| 504 |
|
|
|a Bibliogr. odkazy
|
| 546 |
|
|
|a Res. nem.
|
| 650 |
0 |
7 |
|a archeologické výskumy
|2 SNKPH
|9 74796
|
| 651 |
|
7 |
|a Kežmarok (Slovensko : okres)
|2 snkbucl
|9 51824
|
| 651 |
|
7 |
|a Levoča (Slovensko : okres)
|2 snkbucl
|9 30131
|
| 651 |
|
7 |
|a Spiš (Slovensko : región)
|2 snkbucl
|9 17692
|
| 651 |
|
7 |
|a Stará Ľubovňa (Slovensko : okres)
|2 snkbucl
|9 19196
|
| 651 |
|
7 |
|a Poprad (Slovensko : okres)
|2 snkbucl
|9 28675
|
| 651 |
|
7 |
|a Spišská Nová Ves (Slovensko : okres)
|2 snkbucl
|9 22259
|
| 655 |
|
7 |
|a články zo zborníkov
|2 snkbucl
|9 166140
|
| 700 |
1 |
|
|a Nieburová, Berta,
|d 1919-2006
|4 trl
|9 112145
|
| 773 |
0 |
|
|t Archeologické výskumy a nálezy na Slovensku v roku 2001. 1., Textová časť
|d Nitra : Archeologický ústav Slovenskej akadémie vied, 2002
|g S. 183-196
|x 0231-925X
|z 8088709598
|
| 850 |
|
|
|a Slovenská národná knižnica
|
| 852 |
|
|
|a Slovenská národná knižnica
|
| 954 |
|
|
|a odborná, vedecká literatúra pôvodná (slovenská)
|2 lita
|
| 958 |
|
|
|a article27
|
| 958 |
|
|
|a NB
|
| 958 |
|
|
|a OND
|
| 958 |
|
|
|a EUIPO
|
| 999 |
|
|
|c 3316629
|d 3318559
|